| 000 | 00498nam a2200145Ia 4500 | ||
|---|---|---|---|
| 008 | 230917s9999||||xx |||||||||||||| ||und|| | ||
| 040 |
_e176452 _aMAIN |
||
| 041 | _aEnglish | ||
| 082 | _a891.43371109 RF298:YB | ||
| 100 | _aयायवर, भारत सम्पा. | ||
| 245 | 0 | _aफणीश्वरनाथ रेणु अर्थात मृंदगिये का मर्म | |
| 260 |
_aनई दिल्ली _bवाणी _c1991 |
||
| 300 | _a328 पृ. p. | ||
| 942 | _cHN | ||
| 999 |
_c65249 _d65249 |
||